00485nam a22001457a 4500020001500000082001400015100002300029245006800052260004000120300001000160650002500170942000700195952012000202999001700322 a0860372197 a297.1 ALA aAl-Ahsan, Abdullah aUmmah or NAtion? Identity Crisis In Contemporary Muslim Society aU.S.AbThe Islamic Foundationc1992 a158 P aIslam - 20th Century cBK 00104070aHMIbHMIcGENd2015-09-17eDr Andreas D'Souzag0.00l0o297.1 ALAp11-2449r2015-09-17w2015-09-17yGSB c19768d19768